00415nam a2200157Ia 4500008004100000020001500041082001400056100001300070245003100083250000700114260003400121300002400155500000700179600002100186650005000207240925s9999 xx 000 0 und d a1894893697 a006.6 ALI aAlias - 0aLearning MayaTM 6 Dynamics aNA aCanada:bAlias Systemc,2004. a957p.bNAfOriginal aNA aComputer Science aComputer science, information & general works